Countries bordering three oceans (#2) - Statistics

General Stats
  • This quiz has been taken 74 times
  • The average score is 5 of 6
Answer Stats
Bordering Oceans Answer % Correct
Atlantic, Pacific, Arctic Canada
97%
Southern, Indian, Pacific Australia
94%
Atlantic (through Baltic Sea), Pacific, Arctic Russia
94%
Atlantic, Pacific, Arctic United States
90%
Southern, Atlantic, Indian South Africa
84%
Southern, Pacific, Atlantic Chile
83%
No matching quizzes found
Score Distribution
Percent of People with Each Score
Percentile by Number Answered
Your Score History
You have not taken this quiz